000 00412nam a2200133#a 4500
001 01366
003 HDC
007 ta
008 230623s2023 xx 000 0 eng d
040 _aHDC
110 _aHalal Industry Development Corporation.
245 0 _aHalal Champions / KLIFF media briefing clips
_h[electronic resources] :
_bAsia Public Realations Consultants Sdn Bhd, Monday, November 19, 2007.
942 _2lcc
999 _c22932
_d22932